000 00455nab a2200145Ia 4500
003 ES-SlBCS
005 20210601125230.0
008 140529s1972 xxu||||| |||| 00| 0 eng d
041 _aeng
100 1 _aGinsberg, Robert
_9155738
245 0 0 _aPhilosophical Activity and War
_c Robert Ginsberg
650 0 4 _aActividad Filosófica-Guerra
_9155739
773 0 _tPhilosophy and Phenomenological Research
_gvol. 33, 1972, págs. 174-185
_wRev1411
942 _cAR
999 _c526935
_d526935